MLS Stadiums - Statistics

General Stats
  • This quiz has been taken 46 times
  • The average score is 15 of 30
Answer Stats
MLS Team Stadium % Correct
Atlanta United Mercedes-Benz Stadium
90%
Chicago Fire FC Soldier Field
80%
Charlotte FC Bank of America Stadium
77%
D.C. United Audi Field
73%
Seattle Sounders FC Lumen Field
63%
Austin FC Q2 Stadium
63%
Toronto FC BMO Field
60%
Los Angeles Football Club BMO Stadium
60%
Inter Miami CF Chase Stadium
60%
New York City FC Yankee Stadium
60%
Minnesota United FC Allianz Field
57%
New England Revolution Gillette Stadium
57%
FC Cincinnati TQL Stadium
57%
Columbus Crew Lower.com Field
53%
Vancouver Whitecaps FC BC Place
50%
Sporting Kansas City Children's Mercy Park
50%
Colorado Rapids Dick's Sporting Goods Park
50%
LA Galaxy Dignity Health Sports Park
50%
Houston Dynamo FC Shell Energy Stadium
47%
FC Dallas Toyota Stadium
47%
San Diego FC Snapdragon Stadium
43%
Nashville SC Geodis Park
40%
Portland Timbers Providence Park
37%
CF Montréal Saputo Stadium
37%
San Jose Earthquakes PayPal Park
33%
New York Red Bulls Sports Illustrated Stadium
33%
Philadelphia Union Subaru Park
27%
Real Salt Lake America First Field
23%
Orlando City Inter & Co Stadium
20%
St. Louis CITY SC Energizer Park
13%
No matching quizzes found
Score Distribution
Percent of People with Each Score
Percentile by Number Answered
Your Score History
You have not taken this quiz